000 01016nam a22002177a 4500
999 _c58378
_d58378
003 Ge_BSU
005 20211222140536.0
008 211222s2021 ge ||||| |||| 00| 0 geo d
020 _a9789941495137
041 _ageo
080 _a339.564 ფ-26
100 _aფარსენაძე, ზაზა
_913348
245 _aექსპორტის სტიმულირების მექანიზმები და მათი სრულყოფის გზები საქართველოში /
_cზაზა ფარსენაძე; რედ. ნიკოლოზ ჩიხლაძე.
264 _aქუთაისი,
_c2021.
300 _a166 გვ.:
_bილ.;
_c20 სმ.
504 _aბიბლიოგრ. გვ. 158-164
653 _aექსპორტი საქართველოში
653 _aეკონომიკა
700 _aჩიხლაძე, ნიკოლოზ
_eრედაქტორი
_9107
942 _2udc
_cBK